|
|
|
|
| LEADER |
03368nam a2200769 4500 |
| 001 |
ocn839388410 |
| 003 |
OCoLC |
| 005 |
20170124070655.4 |
| 006 |
m o d |
| 007 |
cr |n||||||||| |
| 008 |
130415s2013 nju ob 001 0 eng d |
| 040 |
|
|
|a YDXCP
|b eng
|e pn
|c YDXCP
|d OCLCO
|d DG1
|d E7B
|d CCO
|d DKDLA
|d NOC
|d OCLCO
|d OCLCF
|d GGVRL
|d OCLCQ
|d OCLCO
|d AU@
|d OCLCO
|d OCLCQ
|d OCLCO
|d COO
|d OCLCO
|d OCLCQ
|d OCLCO
|d OCL
|d AZK
|d GrThAP
|
| 019 |
|
|
|a 839388500
|a 880908384
|a 961631877
|a 962649818
|
| 020 |
|
|
|a 9781118659069
|q (electronic bk.)
|
| 020 |
|
|
|a 1118659066
|q (electronic bk.)
|
| 020 |
|
|
|a 9781118659076
|
| 020 |
|
|
|a 1118659074
|
| 020 |
|
|
|a 9781118658932
|q (e-book)
|
| 020 |
|
|
|a 1118658930
|q (e-book)
|
| 020 |
|
|
|z 9781118208557
|q (cloth)
|
| 020 |
|
|
|z 1118208552
|q (cloth)
|
| 029 |
1 |
|
|a AU@
|b 000051629150
|
| 029 |
1 |
|
|a AU@
|b 000052915983
|
| 029 |
1 |
|
|a CHBIS
|b 010026816
|
| 029 |
1 |
|
|a CHNEW
|b 000721706
|
| 029 |
1 |
|
|a CHVBK
|b 306235587
|
| 029 |
1 |
|
|a DEBBG
|b BV041069864
|
| 029 |
1 |
|
|a DKDLA
|b 820120-katalog:000601008
|
| 029 |
1 |
|
|a GBVCP
|b 790207133
|
| 029 |
1 |
|
|a NLGGC
|b 382406540
|
| 029 |
1 |
|
|a NZ1
|b 15021831
|
| 029 |
1 |
|
|a NZ1
|b 15549939
|
| 029 |
1 |
|
|a DEBBG
|b BV043395732
|
| 035 |
|
|
|a (OCoLC)839388410
|z (OCoLC)839388500
|z (OCoLC)880908384
|z (OCoLC)961631877
|z (OCoLC)962649818
|
| 050 |
|
4 |
|a HF5387
|b .A695 2013
|
| 082 |
0 |
4 |
|a 174/.4
|2 23
|
| 049 |
|
|
|a MAIN
|
| 100 |
1 |
|
|a Arbogast, Stephen V.,
|d 1948-
|
| 245 |
1 |
0 |
|a Resisting corporate corruption :
|b cases in practical ethics from Enron through the financial crisis /
|c Stephen V. Arbogast.
|
| 250 |
|
|
|a 2nd edition.
|
| 264 |
|
1 |
|a Hoboken, New Jersey :
|b John Wiley & Sons, Inc.,
|c [2013]
|
| 300 |
|
|
|a 1 online resource (xxi, 526 pages)
|
| 336 |
|
|
|a text
|b txt
|2 rdacontent
|
| 337 |
|
|
|a computer
|b c
|2 rdamedia
|
| 338 |
|
|
|a online resource
|b cr
|2 rdacarrier
|
| 347 |
|
|
|a data file
|2 rda
|
| 500 |
|
|
|a Includes index.
|
| 505 |
0 |
|
|a Section 1. The Enron cases -- section 2. The financial crisis cases.
|
| 504 |
|
|
|a Includes bibliographical references and indexes.
|
| 520 |
|
|
|a This book features 25 case studies that cover a full range of business practices, controls, and ethics issues. It includes new case studies from the recent financial crisis, comparing it with Enron's crossing of various ethical lines.
|
| 588 |
0 |
|
|a Print version record.
|
| 610 |
2 |
0 |
|a Enron Corp.
|x Corrupt practices
|v Case studies.
|
| 610 |
2 |
4 |
|a Enron Corp
|v Case studies
|x Corrupt practices.
|
| 610 |
2 |
7 |
|a Enron Corp.
|2 fast
|0 (OCoLC)fst00694011
|
| 611 |
2 |
7 |
|a Global Financial Crisis
|d (2008-2009)
|2 fast
|0 (OCoLC)fst01755654
|
| 650 |
|
0 |
|a Business ethics.
|
| 650 |
|
0 |
|a Industrial management
|x Moral and ethical aspects.
|
| 650 |
|
0 |
|a Global Financial Crisis, 2008-2009
|v Case studies.
|
| 650 |
|
7 |
|a Business ethics.
|2 fast
|0 (OCoLC)fst00842675
|
| 650 |
|
7 |
|a Corruption.
|2 fast
|0 (OCoLC)fst01352550
|
| 650 |
|
7 |
|a Industrial management
|x Moral and ethical aspects.
|2 fast
|0 (OCoLC)fst00971313
|
| 648 |
|
7 |
|a 2008-2009
|2 fast
|
| 655 |
|
4 |
|a Electronic books.
|
| 655 |
|
7 |
|a Case studies.
|2 fast
|0 (OCoLC)fst01423765
|
| 776 |
0 |
8 |
|i Print version:
|a Arbogast, Stephen V., 1948-
|t Resisting corporate corruption.
|b 2nd edition.
|d Hoboken, New Jersey : John Wiley & Sons, Inc., [2013]
|z 9781118208557
|z 1118208552
|w (DLC) 2012045121
|
| 856 |
4 |
0 |
|u https://doi.org/10.1002/9781118659069
|z Full Text via HEAL-Link
|
| 994 |
|
|
|a 92
|b DG1
|